000 01401nam a22002657a 4500
005 20110620110443.0
008 110620t xxu||||| |||| 00| 0 mar d
010 _aMAR-20977
020 _c400.00
035 _aMR-13635
037 _bDBAD/PUB
040 _aDPL
_bMR
082 _a294.5924
100 _aव्यास
_928644
245 _aश्रीकृष्ण गीता /
_cव्यास : मनोहर धारणकर तथ मंगल मनोहर धाडणकर द्वारा अनुवादित
246 _aShrikrish Gita
_bby Vyas
260 _aनासिक
_bमनोहर धारणकर
_c2011
270 _aबी-2,के. जे.सोसायटी नं.2. ज्योती कलश समोर राका कॉलनी,शरणपूर रोड,
_bनासिक
_e422002
300 _a191पृ.
_c24सेमी(अजिल्द)
500 _aश्रीमद् भगवद् गीता
700 _aधारणकर,मनोहर
_928650
700 _aधारणकर,मंगला मनोहर
_928651
942 _2ddc
_cMR
_mव्यासश्री
_h294.5924
999 _c53014
_d53014